Najlepsi zawodnicy finałów Ligi Mistrzów - Statystyki

Ogólne statystyki
  • Ten quiz został rozwiązany 144 razy
  • Średni wynik to 13 z 24
Statystyki odpowiedzi
Sezon Klub Piłkarz % Poprawnych
2016/2017 Real Madryt Cristiano Ronaldo
94%
2010/2011 FC Barcelona Lionel Messi
94%
2017/2018 Real Madryt Gareth Bale
78%
2022/2023 Manchester City F.C. Rodri
77%
2011/2012 Chelsea F.C. Didier Drogba
69%
2015/2016 Real Madryt Sergio Ramos
69%
2014/2015 FC Barcelona Andres Iniesta
68%
2012/2013 Bayern Monachium Arjen Robben
65%
2019/2020 Bayern Monachium Kingsley Coman
65%
2018/2019 Liverpool F.C. Virgil van Dijk
60%
2023/2024 Real Madryt Dani Carvajal
57%
2004/2005 Liverpool F.C. Steven Gerrard
53%
2008/2009 FC Barcelona Xavi
52%
2021/2022 Real Madryt Thibaut Courtois
50%
2009/2010 Inter Mediolan Diego Milito
44%
2020/2021 Chelsea F.C. N'Golo Kante
44%
2005/2006 FC Barcelona Samuel Eto'o
44%
2000/2001 Bayern Monachium Oliver Kahn
40%
2001/2002 Real Madryt Zinedine Zidane
40%
2013/2014 Real Madryt Angel Di Maria
36%
2002/2003 AC Milan Paolo Maldini
33%
2003/2004 FC Porto Deco
32%
2006/2007 AC Milan Filippo Inzaghi
31%
2007/2008 Manchester United Edwin van der Sar
27%
Nie znaleziono quizów pasujących do podanych kryteriów
Rozkład punktacji
Procent ludzi z każdym wynikiem
Percentyl według liczby udzielonych odpowiedzi
Twoja historia wyników
Nie rozwiązałeś tego quizu